Listado bibliográfico sobre los páramos del Ecuador / (Registro nro. 1825)
[ vista simple ]
| 000 -CABECERA | |
|---|---|
| Campo de control | 00779cam a22002294a 4500 |
| 005 - FECHA Y HORA DE LA ULTIMA TRANSACCION | |
| Campo de control | 20151202105608.0 |
| 008 - ELEMENTOS DE LONGITUD FIJA—INFORMACION GENERAL | |
| Campo de control | 990824s1999 ec b 001 0 spa |
| 020 ## - ISBN | |
| ISBN | 9978044914 |
| 040 ## - FUENTE DE CATALOGACIÓN | |
| Agencia catalogadora original | DLC |
| Agencia transcriptora | DLC |
| Agencia Modificadora | DLC |
| -- | CO-BoIAVH |
| 041 0# - IDIOMA | |
| Código de idioma para texto/pista de sonido o título separado | Español |
| 044 ## - PAÍS DE PUBLICACIÓN | |
| País de publicación | Ecuador |
| 082 04 - NUMERO DE CLASIFICACION DECIMAL DEWEY | |
| Número de clasificación | 333.91802 |
| Número del ítem | M49l |
| 245 00 - MENCION DE TITULO | |
| Título | Listado bibliográfico sobre los páramos del Ecuador / |
| Mención de responsabilidad | compilado por Galo Medina y Esteban Suárez. |
| 260 ## - PUBLICACION, DISTRIBUCION, ETC. (PIE DE IMPRENTA) | |
| Lugar de publicación, distribución, etc. | Quito, Ecuador : |
| Nombre del editor, distribuidor, etc. | EcoCiencia, |
| Fecha de publicación, distribución, etc. | 1999. |
| 300 ## - DESCRIPCION FISICA | |
| Extensión | iii, 49 páginas ; |
| Dimensiones | 21 cm. |
| 500 ## - NOTA GENERAL | |
| Nota general | Incluye índice. |
| 650 #6 - ASIENTO SECUNDARIO DE MATERIA - TERMINO TEMATICO | |
| Término temático o nombre geográfico como elemento de entrada | Ecología de páramos |
| Subdivisión geográfica | Ecuador |
| Subdivisión de forma | Bibliografías. |
| 9 (RLIN) | 43790 |
| 650 #6 - ASIENTO SECUNDARIO DE MATERIA - TERMINO TEMATICO | |
| Término temático o nombre geográfico como elemento de entrada | Páramos |
| Subdivisión geográfica | Ecuador |
| Subdivisión de forma | Bibliografías. |
| 9 (RLIN) | 43791 |
| 700 1# - ASIENTO SECUNDARIO - NOMBRE PERSONAL | |
| Nombre personal | Medina, Galo. |
| Término de relación | Compilador |
| 9 (RLIN) | 13261 |
| 700 1# - ASIENTO SECUNDARIO - NOMBRE PERSONAL | |
| Nombre personal | Suárez, Esteban. |
| Término de relación | Compilador |
| 9 (RLIN) | 13264 |
| 942 ## - ELEMENTOS ADICIONALES (KOHA) | |
| Sistema de clasificación | Dewey Decimal Classification |
| Tipo de ítem | Libro |
| Withdrawn status | Lost status | Sistema de Clasificación | Damaged status | No para préstamo | Colección | Inventariado | Ubicación Permanente | Ubicación actual | Fecha de adquisición | Valor | Total Checkouts | Número topográfico | Inventario / Código de Barras | Date last seen | Ejemplar | Price effective from | Tipo de material | Fuente de Valor | Forma de adquisición |
|---|---|---|---|---|---|---|---|---|---|---|---|---|---|---|---|---|---|---|---|
| Dewey Decimal Classification | General | Inventariado 2017 | Bogotá | Bogotá | 21/02/2002 | 39000.00 | LB-333.91802 M49l | 002282 | 04/12/2012 | Ej. 1 | 04/12/2012 | Libro | |||||||
| Dewey Decimal Classification | General | Inventariado 2017 | Sala Fabio Quevedo | Sala Fabio Quevedo | 24/01/2001 | 39000.00 | LB-333.91802 M49l | 002286 | 04/12/2012 | Ej. 2 | 04/12/2012 | Libro | Quiceno, María Paula | Donación |